| 000 | 01094 a2200205 4500 | ||
|---|---|---|---|
| 003 | Nust | ||
| 005 | 20220802103141.0 | ||
| 010 | _a 97046929 | ||
| 020 | _a0135782619 | ||
| 040 | _cNust | ||
| 082 | 0 | 0 | _a620.1,HIB |
| 100 | 1 | _aHibbeler, R. C. | |
| 245 | 1 | 0 |
_aEngineering Mechanics Dynamics / _cR.C. Hibbeler. |
| 250 | _aSI ed. | ||
| 260 |
_aUpper Saddle River, N.J. : _bPrentice Hall, _cc1998. |
||
| 300 |
_axvi, 672 p. : _bill. (some col.) ; _c25 cm. |
||
| 505 | _aKinematics of a Particle (Page-3), Kinetics of a Particle: Force and Acceleration (Page-91), Kinetics of a Particle: Work and Energy (Page-145), Kinetics of a Particle: Impulse and Momentum (Page-189), Planner Kinematics of a Rigid Body (Page-269), Planar Kinetics of a Rigid Body: Force and Acceleration (Page-341), Planar Kinetics of a Rigid Body: Work and Energy (Page-397), Planar Kinetics of Rigid Body: Impulse and Momentum (Page-429), Three-Dimensional Kinematics of a Rigid Body (Page-481), Three-Dimensional Kinetics of a Rigid Body (Page-511), Vibrations (Page-557). | ||
| 650 | 0 | _aDynamics. | |
| 942 |
_cREF _2ddc |
||
| 999 |
_c175508 _d175508 |
||